000 00562nam a2200205Ia 4500
005 20250508162413.0
008 008 250505s9999 xx 000 0 eng d
020 _a0-03-021486-6
037 _aTextual
040 _aFEDL
_beng
_cFEDL
041 _aeng
_2eng
084 _a150, BOU
_qFEDL
100 _aBourne Lyle E
245 0 _aPsychology its principles and meanings
260 _aNew York, USA
_bHolt, Rinehart and Winston
_c1932
300 _axiv,610p.
650 _aPsychology
942 _cTEXL
_h150, BOU
999 _c1376326
_d1376326